000 00291nam a22001337a 4500
008 170725b xxu||||| |||| 00| 0 eng d
020 _a443170051-X
041 _aeng
080 _22ND
_a004
100 _a29
101 _aSHK
245 _aCOMPUTER ANIMATION
_cMAGNENAT,N
942 _2udc
_cBK
999 _c21888
_d21888